Vigotski: la construcción histórica de la psique /

Contiene: Vida y obra de Vigotski; propuestas teórico-metodológicas; Vigoski y la educación; diferencias y semejanzas entre Piaget y Vigotski

-д хадгалсан:
Номзүйн дэлгэрэнгүй
Үндсэн зохиолч: García González, Enrique (autor)
Формат: Ном
Хэл сонгох:испани
Хэвлэсэн: México : Trillas, 2004, c2004
Цуврал:(Biblioteca Grandes Educadores ; 9)
Нөхцлүүд:
Шошгууд: Шошго нэмэх
Шошго байхгүй, Энэхүү баримтыг шошголох эхний хүн болох!

MARC

LEADER 00000nam^a2200000^a^4500
001 000181647
005 20250521000000.0
009 20260310101939.426
020 |a 968-24-6016-6 
037 |a Acervo ITESO - Biblioteca 
041 |a ESP 
082 |a 370. 1  |b BIB V. 9 
100 |a García González, Enrique  |e (autor) 
245 1 0 |a Vigotski:  |b la construcción histórica de la psique /  |c E. García González. 
264 4 |a México :  |b Trillas,  |c 2004, c2004 
300 |a 147 p. 
336 |a texto  |b txt  |2 rdacontenido 
337 |a sin mediación  |b n  |2 rdamedio 
338 |a volumen  |b nc  |2 rdasoporte 
440 1 |a (Biblioteca Grandes Educadores ;  |v 9) 
520 |a Contiene: Vida y obra de Vigotski; propuestas teórico-metodológicas; Vigoski y la educación; diferencias y semejanzas entre Piaget y Vigotski 
649 |a XX 
650 |a Psicólogos Rusos -  |x Biografías 
650 |a Psicólogos Franceses 
650 |a Pensamiento 
650 |a Lenguaje y Educación 
650 |a Psicología Cognitiva 
650 |a Desarrollo Cognoscitivo 
650 |a Lenguaje y Pensamiento 
650 |a Aprendizaje Significativo 
650 |a Competencias (Educación) 
650 |a Metodología Educativa 
650 |a Psicología Educativa 
650 |a Psicología Evolutiva 
650 |a Piaget, Jean 
600 |a Vigotski, Lev Semiónovich 
910 |a Fondo General 
920 |a Impresos - Libros 
930 |a Colección General 
905 |a 101 
901 |a 0500121471  |b IT1  |c ACC  |u 20250521 
902 |a https://opac.biblio.iteso.mx/vufind/Record/000181647